书目信息 |
| 题名: |
崛起之小托马斯·沃森
|
|
| 作者: | 晨天 编著 | |
| 分册: | ||
| 出版信息: | 汕头 汕头大学出版社 2017 |
|
| 页数: | 229页 | |
| 开本: | 24cm | |
| 丛书名: | ||
| 单 册: | ||
| 中图分类: | K837.125.38 | |
| 科图分类: | ||
| 主题词: | 沃森--传记 | |
| 电子资源: | ||
| ISBN: | 978-7-5658-3150-8 | |
| 000 | 00914nam0 2200253 450 | |
| 001 | 012001011609 | |
| 005 | 20141122114631.0 | |
| 010 | @a978-7-5658-3150-8@dCNY36.80 | |
| 100 | @a20180714d2017 em y0chiy50 ea | |
| 101 | 0 | @achi |
| 102 | @aCN@b440000 | |
| 105 | @ay z 000yb | |
| 106 | @ar | |
| 200 | 1 | @a崛起之小托马斯·沃森@Ajue qi zhi xiao tuo ma si · wo sen@dThomas Watson Jr.@f晨天编著@zeng |
| 210 | @a汕头@c汕头大学出版社@d2017 | |
| 215 | @a229页@d24cm | |
| 330 | @a本书从沃森的童年、少年、中年、参军,与父亲间的斗争等,还原了沃森的人生历程,展示其如何将IBM转型为计算机公司,并赢得信息业霸主地位,带领读者一同领略这位商业巨人的智慧。 | |
| 510 | 1 | @aThomas Watson Jr.@zeng |
| 600 | 0 | @a沃森@c(Watson, Thomas John@f1914-1993)@x传记 |
| 606 | 0 | @a沃森@x传记 |
| 690 | @aK837.125.38@v5 | |
| 701 | 0 | @a晨天@Achen tian@4编著 |
| 801 | 0 | @aCN@b上海新华@c20191020 |
| 905 | @b1183858-61@dK837.125.38@e1104@f4 | |
| 崛起之小托马斯·沃森=Thomas Watson Jr./晨天编著.-汕头:汕头大学出版社,2017 |
| 229页;24cm |
| ISBN 978-7-5658-3150-8:CNY36.80 |
| 本书从沃森的童年、少年、中年、参军,与父亲间的斗争等,还原了沃森的人生历程,展示其如何将IBM转型为计算机公司,并赢得信息业霸主地位,带领读者一同领略这位商业巨人的智慧。 |
| ● |
| 相关链接 |
|
|
|
|
正题名:崛起之小托马斯·沃森
索取号:K837.125.38/1104
 
预约/预借
| 序号 | 登录号 | 条形码 | 馆藏地/架位号 | 状态 | 备注 |
| 1 | 1183858 | 211838582 | 第二样本阅览室/ [索取号:K837.125.38/1104] | 在馆 | |
| 2 | 1183859 | 211838591 | 第二借阅区/ [索取号:K837.125.38/1104] | 在馆 | |
| 3 | 1183860 | 211838608 | 第二借阅区/ [索取号:K837.125.38/1104] | 在馆 | |
| 4 | 1183861 | 211838617 | 第二借阅区/ [索取号:K837.125.38/1104] | 在馆 |